| 000 | 01337nam0a22002771 4500 | ||
|---|---|---|---|
| 001 | rc\4662334 | ||
| 005 | 20130416203452.9 | ||
| 021 |
_aRU _b[60-43796] |
||
| 035 | _a(NLR Aleph) 008697648 | ||
| 090 |
_a9278709 _c9278709 |
||
| 100 | _a20130416d1960 |||y0rusy50 ca | ||
| 101 | 0 | _arus | |
| 102 | _aRU | ||
| 105 | _ay z ||||| | ||
| 200 | 1 |
_aПередовой опыт - в основу перестройки школы _e(По материалам Респ. совещания учителей-отличников) _fПод общ. ред. А.С. Отачкина _gМ-во просвещения Чуваш. АССР. Чуваш. ин-т усовершенствования учителей |
|
| 210 |
_aЧебоксары _cЧувашгосиздат _d1960 |
||
| 215 |
_a100 с. _d20 |
||
| 606 |
_aУчебно-воспитательная работа _jСборники _2psbo |
||
| 606 |
_aПолитехническое обучение в школе _yЧувашская АССР _2psbo |
||
| 702 | 1 |
_aОтачкин _bА. С. _gАнатолий Степанович _4340 |
|
| 712 | 0 | 2 |
_aЧувашский ин-т усовершенствования учителей _cЧебоксары _3RU\NLR\AUTH\889959873 |
| 801 | 0 |
_aRU _bNLR _gpsbo |
|
| 801 | 1 |
_aRU _bELAR _2rusmarc |
|
| 852 |
_aNLR _j60-4/8374 |
||
| 942 | _cBOOK | ||
| 980 | _aNB | ||